| 000 | 00728nam a2200241Ia 4500 | ||
|---|---|---|---|
| 003 | OSt | ||
| 005 | 20251113122911.0 | ||
| 008 | 210210b2017 xxu||||| |||| 00| 0 eng d | ||
| 020 | _a9789386855048 | ||
| 040 | _cAL | ||
| 041 | _aKannada | ||
| 082 | _aK894.4 SUMG | ||
| 100 |
_aSUMITRA (L C) _dಸುಮಿತ್ರ (ಎಲ್ ಸಿ) _9245410 |
||
| 245 |
_aGaddeyanchina dari: prabandhagalu _bಗದ್ದೆಯಂಚಿನ ದಾರಿ: ಪ್ರಬಂಧಗಳು |
||
| 260 |
_aShivamogga _bGitanjali Publications _c2017 |
||
| 300 | _a127 | ||
| 650 |
_aprabandhagalu _9245411 |
||
| 650 |
_aGaddeyanchina _9245412 |
||
| 650 |
_adari: _9245413 |
||
| 690 |
_aKannada Prose _9245414 |
||
| 906 | _a072363 | ||
| 942 |
_2ddc _cBK |
||
| 999 |
_c122274 _d122274 |
||